000 00466nam a2200181Ia 4500
005 20250508150942.0
008 008 250505s9999 xx 000 0 eng d
037 _aTextual
040 _aFEDL
_beng
_cFEDL
041 _aeng
_2eng
084 _a745.32, SIM
_qFEDL
100 _aSimpson L E
_9756347
245 0 _aWeaver's craft
260 _aLeicester
_bDryad Press
300 _a200p.
942 _cTEXL
_h745.32, SIM
999 _c1326685
_d1326685